Toán 8
Sách gồm có hai nội dung chính là phần đại số và phần hình học. Trong đó hướng dẫn giáo viên phương pháp giảng dạy môn Toán cho học sinh Lớp 8 một cách hiệu quả.
محفوظ في:
| المؤلف الرئيسي: | |
|---|---|
| التنسيق: | كتاب |
| اللغة: | Undetermined |
| منشور في: |
Hà Nội
Giáo dục
2009
|
| الموضوعات: | |
| الوسوم: |
إضافة وسم
لا توجد وسوم, كن أول من يضع وسما على هذه التسجيلة!
|
| Thư viện lưu trữ: | Trung tâm Học liệu Trường Đại học Cần Thơ |
|---|
| LEADER | 00855nam a2200217Ia 4500 | ||
|---|---|---|---|
| 001 | CTU_159068 | ||
| 008 | 210402s9999 xx 000 0 und d | ||
| 020 | |c 7000 | ||
| 082 | |a 510.712 | ||
| 082 | |b Ch312/T.2/L.8 | ||
| 100 | |a Phan, Đức Chính | ||
| 245 | 0 | |a Toán 8 | |
| 245 | 0 | |c Phan Đức Chính (Tổng chủ biên), Tôn Thân (Chủ biên) | |
| 260 | |a Hà Nội | ||
| 260 | |b Giáo dục | ||
| 260 | |c 2009 | ||
| 520 | |a Sách gồm có hai nội dung chính là phần đại số và phần hình học. Trong đó hướng dẫn giáo viên phương pháp giảng dạy môn Toán cho học sinh Lớp 8 một cách hiệu quả. | ||
| 650 | |a Mathematics | ||
| 650 | |x Study and teaching (Secondary) | ||
| 904 | |i Trang | ||
| 980 | |a Trung tâm Học liệu Trường Đại học Cần Thơ | ||